| 000 | 01723nam a2200373 a 4500 | ||
|---|---|---|---|
| 001 | ebr10479791 | ||
| 003 | CaPaEBR | ||
| 006 | m u | ||
| 007 | cr cn||||||||| | ||
| 008 | 110714s2010 enkad sb 001 0 eng d | ||
| 020 | _z9780745328126 (pbk.) | ||
| 020 | _z9780745328133 | ||
| 020 | _z9781849643993 (e-book) | ||
| 040 |
_aCaPaEBR _cCaPaEBR |
||
| 035 | _a(OCoLC)658012472 | ||
| 043 | _aa-iq--- | ||
| 050 | 1 | 4 |
_aDS79.767.C85 _bC85 2010eb |
| 245 | 0 | 0 |
_aCultural cleansing in Iraq _h[electronic resource] : _bwhy museums were looted, libraries burned and academics murdered / _cedited by Raymond W. Baker, Shereen T. Ismael and Tareq Y. Ismael. |
| 260 |
_aLondon : _bPluto Press, _c2010. |
||
| 300 |
_axii, 298 p. : _bill. |
||
| 504 | _aIncludes bibliographical references and index. | ||
| 505 | 0 | _apt. 1. Formulating and executing the policy of cultural cleansing -- pt. 2. Policy in motion : the assault on Iraq's incomparable history -- pt. 3. Policy in motion : the present and the future. | |
| 533 |
_aElectronic reproduction. _bPalo Alto, Calif. : _cebrary, _d2013. _nAvailable via World Wide Web. _nAccess may be limited to ebrary affiliated libraries. |
||
| 650 | 0 |
_aIraq War, 2003-2011 _xDestruction and pillage. |
|
| 650 | 0 |
_aCultural property _xProtection _zIraq. |
|
| 650 | 0 |
_aIntellectuals _zIraq _xSocial conditions _y21st century. |
|
| 651 | 0 |
_aIraq _xIntellectual life _y21st century. |
|
| 655 | 7 |
_aElectronic books. _2local |
|
| 700 | 1 | _aBaker, Raymond W. | |
| 700 | 1 | _aIsmael, Shereen T. | |
| 700 | 1 | _aIsmael, Tareq Y. | |
| 710 | 2 | _aebrary, Inc. | |
| 856 | 4 | 0 |
_uhttp://site.ebrary.com/lib/rucke/Doc?id=10479791 _zAn electronic book accessible through the World Wide Web; click to view |
| 999 |
_c219717 _d219717 |
||